| 000 | 00964nam a2200229 i 4500 | ||
|---|---|---|---|
| 001 | 133551 | ||
| 003 | ES-MaACL | ||
| 005 | 20230906194440.0 | ||
| 008 | 070821q1947 sp a |||| | spa d | ||
| 245 | 0 | 3 |
_aLa obra completa de Chopin en siete conciertos por Leopoldo Querol _b: los días 14, 15, 16, 17, 18, 19 y 20 de abril de 1947 a las siete de la tarde : programa. |
| 260 |
_a[Madrid] : _bSubsecretaría de Educación Popular, _c[1947?] |
||
| 300 |
_a35 p. : _bil. ; _c25 cm. |
||
| 594 | _aPrecede al tít.: Ciclo de Cultura Musical del Ateneo de Madrid. | ||
| 600 | 1 | 4 |
_aChopin, Fryderyk. _9144154 |
| 610 | 2 | 7 |
_aAteneo de Madrid- _vConciertos- _yS.XX. _91906 |
| 650 | 4 |
_aMúsica- _xProgramas. _9170037 |
|
| 700 | 1 |
_aQuerol, Leopoldo. _994545 |
|
| 710 | 1 |
_aEspaña. _bMinisterio de Educación Nacional. _bSubsecretaría. _93863 |
|
| 740 | 0 | 2 | _aCiclo de Cultura Musical del Ateneo de Madrid. |
| 852 |
_aES-MaACL _j1867-F-13 |
||
| 852 |
_aES-MaACL _j2203-F-22 |
||
| 999 |
_c133551 _d133551 |
||